| 000 | 00815nam a2200217Ia 4500 | ||
|---|---|---|---|
| 003 | GCL | ||
| 005 | 20240530105309.0 | ||
| 008 | 140319s1989 ua a g 000 0 ara d | ||
| 040 |
_aGCL / _cGCL |
||
| 082 | 0 | 4 |
_a657.867 _bأ م |
| 100 | 0 | _aاحمد نور | |
| 245 | 1 | 0 |
_aمبادئ محاسبة التكاليف الصناعية / _cاحمد نور، السيد عبدالمقصود ريان |
| 260 |
_aالاسكندرية : _bمؤسسة شباب الجامعة ، _c1989 |
||
| 300 |
_a672 ص. : _bايض ؛ _c24 سم. |
||
| 650 | 0 | 7 |
_2qrmak _aمحاسبة التكاليف |
| 650 | 0 | 7 |
_2qrmak _aالمحاسبة |
| 650 | 0 | 7 |
_2qrmak _aالتكاليف الصناعية |
| 650 | 0 | 7 |
_2qrmak _aضبط التكاليف |
| 700 | 0 |
_aالسيد عبدالمقصود ديبان _eمؤلف مشارك |
|
| 942 |
_2ddc _cBK |
||
| 999 |
_c54721 _d54721 |
||